| 000 | 01377nam a22003017a 4500 | ||
|---|---|---|---|
| 003 | PE SENCICO BE | ||
| 005 | 20251020182652.0 | ||
| 008 | 240214b |||||||| |||| 00| 0 eng d | ||
| 040 |
_aPE SENCICO BE _cPE SENCICO BE |
||
| 041 | _aspa | ||
| 084 |
_aI _aDIS _a2018 _bG79 |
||
| 100 | 1 |
_91960 _aGranda Sánchez, Pamela _eautor |
|
| 245 | 1 |
_aModelo de tienda de la marca Guess para jóvenes empresarios en San Isidro / _cPamela Granda Sánchez |
|
| 246 | _aDesarrollo de diseño interior de tienda para hombres | ||
| 260 |
_aLima : _c2018 |
||
| 300 |
_a[34] h. : _bplans.; _c30 x 40 cm. |
||
| 500 | _aTexto en dos volúmenes. El volumen 2 contiene planos (40 x 60 cm.). | ||
| 502 | _aMonografía de Titulación.-- Servicio Nacional de Capacitación para la Industria de la Construcción. Escuela Superior Técnica. Carrera Profesional Técnica en Diseño de Interiores, 2018 | ||
| 505 | 0 | _av. 1 : Modelo de tienda de la marca Guess para jóvenes empresarios en San Isidro -- v. 2: Desarrollo de diseño interior de tienda para hombres | |
| 650 | 1 | 0 |
_944 _aDiseño de interiores |
| 650 | 2 | 0 |
_91938 _aTiendas |
| 650 | 2 | 0 |
_9615 _aPlanos |
| 650 | 2 | 0 |
_9880 _aCentros comerciales |
| 650 | 2 | 0 |
_9615 _aPlanos |
| 710 | 1 |
_aServicio Nacional de Capacitación para la Industria de la Construcción. _bEscuela Superior Técnica _91065 |
|
| 910 |
_bhfp _chfp |
||
| 942 |
_cMON _2ddc |
||
| 999 |
_c4570 _d4570 |
||